[Event "9th Asia-ch"]
[Site "Mashhad IRI"]
[Date "2011.05.06"]
[Round "5.9"]
[White "Wen Yang"]
[Black "Megaranto, Susanto"]
[Result "1/2-1/2"]
[WhiteElo "2545"]
[BlackElo "2529"]
[EventDate "2011.05.02"]
[PlyCount "114"]

1.d4 d5 2.c4 c6 3.Nc3 Nf6 4.Nf3 a6 5.e3 e6 6.b3 c5 7.cxd5 exd5 8.Bb2 Nc6 
9.Be2 Bd6 10.dxc5 Bxc5 11.O-O Be6 12.Rc1 Bd6 13.Na4 O-O 14.Nc5 Bxc5 15.
Rxc5 Ne4 16.Rc2 Qd7 17.Qa1 f6 18.Rfc1 Rac8 19.Nd4 Nxd4 20.Bxd4 Rxc2 21.
Rxc2 Rc8 22.Qc1 Rxc2 23.Qxc2 Qc8 24.Qxc8+ Bxc8 25.f3 Ng5 26.Bd3 h6 27.Kf2 
Kf7 28.g4 Ne6 29.Bb6 g6 30.Kg3 Bd7 31.a4 Ng7 32.h3 h5 33.Bd4 hxg4 34.hxg4 
Ne6 35.Bb6 Ng7 36.Kf2 Ne6 37.Ke1 Ng5 38.Be2 f5 39.f4 Ne4 40.g5 Ke6 41.Bd4 
b5 42.a5 Kd6 43.b4 Kc6 44.Kd1 Nd6 45.Kd2 Ne8 46.Be5 Nc7 47.Bxc7 Kxc7 48.
Kc3 Kd6 49.Kd4 Bc6 50.Bf3 Bb7 51.Bg2 Ba8 52.Bh3 Bc6 53.Bf1 Bd7 54.Bd3 Bc6 
55.Be2 Bb7 56.Bd1 Bc8 57.Bb3 Be6 1/2-1/2

[Event "9th Asia-ch"]
[Site "Mashhad IRI"]
[Date "2011.05.06"]
[Round "5.10"]
[White "Moradiabadi, Elshan"]
[Black "Djao Thien Hai"]
[Result "1/2-1/2"]
[WhiteElo "2536"]
[BlackElo "2512"]
[EventDate "2011.05.02"]
[PlyCount "61"]

1.d4 d5 2.c4 c6 3.Nc3 Nf6 4.e3 Bf5 5.cxd5 cxd5 6.Qb3 Bc8 7.Bb5+ Nc6 8.e4 
Bd7 9.Nge2 Nxe4 10.Qxd5 Nd6 11.Ba4 Nb4 12.Qb3 Nd3+ 13.Kf1 Nxc1 14.Rxc1 e6 
15.Nb5 Nxb5 16.Bxb5 Be7 17.g3 Bxb5 18.Qxb5+ Qd7 19.Qb3 O-O 20.Kg2 Rac8 21.
Rhd1 Rxc1 22.Rxc1 Rc8 23.Rxc8+ Qxc8 24.d5 exd5 25.Qxd5 g6 26.Nf4 Bf6 27.b3
Kg7 28.a4 b6 29.h3 h6 30.Qe4 Qc5 31.Qd4 1/2-1/2

[Event "9th Asia-ch"]
[Site "Mashhad IRI"]
[Date "2011.05.06"]
[Round "5.11"]
[White "So, Wesley"]
[Black "Santosh Gujrathi, Vidit"]
[Result "1/2-1/2"]
[WhiteElo "2667"]
[BlackElo "2495"]
[EventDate "2011.05.02"]
[PlyCount "60"]

1.e4 c6 2.d4 d5 3.Nc3 dxe4 4.Nxe4 Bf5 5.Ng3 Bg6 6.h4 h6 7.Nf3 Nd7 8.h5 Bh7
9.Bd3 Bxd3 10.Qxd3 Ngf6 11.Bd2 e6 12.Ne4 Be7 13.O-O-O Nxe4 14.Qxe4 Nf6 15.
Qd3 O-O 16.g4 Nxg4 17.Qe2 Kh8 18.Rhg1 Nf6 19.Ne5 Qd5 20.Qe3 Qe4 21.Qg3 
Nxh5 22.Qh2 Qh4 23.Qxh4 Bxh4 24.Rh1 g5 25.Nf3 Ng7 26.Nxh4 gxh4 27.Bxh6 Rg8
28.Bg5 Nf5 29.Bxh4 Nxh4 30.Rxh4+ Kg7 1/2-1/2

[Event "9th Asia-ch"]
[Site "Mashhad IRI"]
[Date "2011.05.06"]
[Round "5.12"]
[White "Sethuraman, Panayapan"]
[Black "Ghaem Maghami, Ehsan"]
[Result "1/2-1/2"]
[WhiteElo "2527"]
[BlackElo "2606"]
[EventDate "2011.05.02"]
[PlyCount "112"]

1.d4 Nf6 2.c4 e6 3.g3 c5 4.d5 exd5 5.cxd5 b5 6.e4 Bb7 7.Bg2 d6 8.a4 b4 9.
Nd2 Nbd7 10.Ne2 g6 11.O-O Ba6 12.b3 Bg7 13.Bb2 O-O 14.Re1 Re8 15.Qc2 Ng4 
16.Bxg7 Kxg7 17.h3 Nxf2 18.Kxf2 Qf6+ 19.Nf3 Ne5 20.Nf4 Kg8 21.Rad1 c4 22.
Qe2 Qd8 23.bxc4 Nxc4 24.Kg1 b3 25.Nd4 b2 26.Nb5 Bxb5 27.axb5 Qb6+ 28.Qf2 
Qxb5 29.Bf1 Rab8 30.Rb1 Rec8 31.Bxc4 Rxc4 32.Nd3 Qe8 33.Rxb2 Rxb2 34.Qxb2 
Rxe4 35.Rxe4 Qxe4 36.Nf4 Qe3+ 37.Kh2 Qc5 38.h4 h5 39.Qb8+ Kg7 40.Qb2+ Kg8 
41.Kg2 a5 42.Qb3 Kg7 43.Kf3 Qd4 44.Ne2 Qf6+ 45.Nf4 Qd4 46.Qa3 Qd1+ 47.Ke4 
a4 48.Qxd6 Qe1+ 49.Kd4 Qa1+ 50.Kc4 a3 51.Qe7 Kg8 52.Qe8+ Kg7 53.Qe7 Kg8 
54.Ne6 fxe6 55.dxe6 Qc1+ 56.Kd5 Qd2+ 1/2-1/2

[Event "9th Asia-ch"]
[Site "Mashhad IRI"]
[Date "2011.05.06"]
[Round "5.13"]
[White "Gopal, Geetha Narayanan"]
[Black "Noroozi, Omid"]
[Result "1-0"]
[WhiteElo "2592"]
[BlackElo "2340"]
[EventDate "2011.05.02"]
[PlyCount "67"]

1.e4 c5 2.Nf3 g6 3.c3 Bg7 4.d4 cxd4 5.cxd4 d5 6.e5 Nc6 7.h3 Nh6 8.Bb5 O-O 
9.Nc3 f6 10.O-O Nf7 11.exf6 exf6 12.Bxc6 bxc6 13.Na4 Bf5 14.Nc5 g5 15.Re1 
Re8 16.Bd2 Qb6 17.Qa4 Nd6 18.b3 Be4 19.Nh2 Qb5 20.Qa3 Bf8 21.Ng4 Bg7 22.
Nd7 Re6 23.Nc5 Ree8 24.Nd7 Re6 25.f3 Qd3 26.Nc5 Nc4 27.Nxd3 Nxa3 28.fxe4 
Rxe4 29.Nc5 Rxd4 30.Bc3 f5 31.Re7 Nb5 32.Ne6 Nxc3 33.Rxg7+ Kh8 34.Nh6 1-0

[Event "9th Asia-ch"]
[Site "Mashhad IRI"]
[Date "2011.05.06"]
[Round "5.14"]
[White "Debashis, Das"]
[Black "Cao Sang"]
[Result "1/2-1/2"]
[WhiteElo "2392"]
[BlackElo "2547"]
[EventDate "2011.05.02"]
[PlyCount "69"]

1.d4 e6 2.c4 Nf6 3.Nc3 Bb4 4.Qc2 O-O 5.a3 Bxc3+ 6.Qxc3 b6 7.Bg5 Ba6 8.Qf3 
Nc6 9.e3 Na5 10.e4 h6 11.h4 d6 12.e5 dxe5 13.dxe5 Qd4 14.Bxf6 Qxb2 15.Rd1 
gxf6 16.exf6 Kh8 17.Bd3 Qc3+ 18.Kf1 Bxc4 19.Rh3 Rg8 20.Qf4 Rg6 21.h5 Qxf6 
22.Qxc7 Rg4 23.Rf3 Bxd3+ 24.Rfxd3 Rc4 25.Qd7 Rf4 26.Rf3 Rg8 27.Qxa7 Nc4 
28.Qc7 Rxf3 29.Nxf3 b5 30.Qc5 Qf5 31.Qxf5 exf5 32.Rb1 Nxa3 33.Rb3 Ra8 34.
Nd4 f4 35.Nxb5 1/2-1/2

[Event "9th Asia-ch"]
[Site "Mashhad IRI"]
[Date "2011.05.06"]
[Round "5.15"]
[White "Paragua, Mark"]
[Black "Alavi Sayed, Javad"]
[Result "1/2-1/2"]
[WhiteElo "2542"]
[BlackElo "2428"]
[EventDate "2011.05.02"]
[PlyCount "79"]

1.d4 Nf6 2.c4 e6 3.g3 d5 4.Nf3 dxc4 5.Bg2 a6 6.O-O Nc6 7.Nc3 Rb8 8.e4 Be7 
9.d5 exd5 10.exd5 Nb4 11.Ne5 Bf5 12.a3 Nd3 13.Nxc4 Nxc1 14.Rxc1 O-O 15.Qd4
Ne8 16.Rfe1 Nd6 17.Ne5 Re8 18.Kh1 Bf8 19.Qf4 Qf6 20.g4 Bc8 21.Qg3 g5 22.
Nd3 Bd7 23.Nc5 Rxe1+ 24.Rxe1 Rd8 25.N3e4 Qg6 26.Qe5 Re8 27.Qg3 Bc8 28.f3 
Bg7 29.Nd3 f5 30.Nxd6 Rxe1+ 31.Qxe1 Qxd6 32.f4 gxf4 33.g5 Bd7 34.b4 Bd4 
35.Bf3 c6 36.Qc1 cxd5 37.Qxf4 Qxf4 38.Bxd5+ Kg7 39.Nxf4 Be3 40.Ne6+ 
1/2-1/2

[Event "9th Asia-ch"]
[Site "Mashhad IRI"]
[Date "2011.05.06"]
[Round "5.16"]
[White "Wang Chen"]
[Black "Gomez, John Paul"]
[Result "1/2-1/2"]
[WhiteElo "2436"]
[BlackElo "2538"]
[EventDate "2011.05.02"]
[PlyCount "118"]

1.e4 e6 2.d4 d5 3.exd5 exd5 4.Bd3 Nc6 5.c3 Bd6 6.Ne2 Nge7 7.Bf4 Bg4 8.Qc1 
Qd7 9.Bxd6 Qxd6 10.O-O O-O-O 11.Qf4 Qxf4 12.Nxf4 g5 13.Ne2 Bf5 14.Bxf5+ 
Nxf5 15.Nd2 Rde8 16.Rae1 Kd7 17.Nc1 f6 18.Nd3 b6 19.Rxe8 Rxe8 20.Re1 Rxe1+
21.Nxe1 Nd8 22.Nd3 Ne6 23.Kf1 Nd6 24.b4 Kc6 25.a4 Nc4 26.Ke2 Kd6 27.Nxc4+ 
dxc4 28.Ne1 c6 29.g3 f5 30.Ng2 b5 31.axb5 cxb5 32.Ne3 Ng7 33.Kf3 Ke6 34.h4
g4+ 35.Kf4 h6 36.Ng2 Nh5+ 37.Ke3 Nf6 38.Nf4+ Kd6 39.f3 Kc6 40.fxg4 fxg4 
41.Ne2 Kd5 42.Kf4 Ke6 43.d5+ Nxd5+ 44.Kxg4 Ke5 45.Kf3 h5 46.g4 hxg4+ 47.
Kxg4 Ke4 48.Kg5 Kd3 49.h5 Kxe2 50.h6 Nxc3 51.h7 Ne4+ 52.Kf4 c3 53.h8=Q c2 
54.Qh5+ Kd2 55.Kxe4 c1=Q 56.Qxb5 Qh1+ 57.Kd4 Qg1+ 58.Kd5 Qg5+ 59.Kc6 Qxb5+
1/2-1/2

[Event "9th Asia-ch"]
[Site "Mashhad IRI"]
[Date "2011.05.06"]
[Round "5.17"]
[White "Yang Kaiqi"]
[Black "Ismagambetov, Anuar"]
[Result "1/2-1/2"]
[WhiteElo "2409"]
[BlackElo "2500"]
[EventDate "2011.05.02"]
[PlyCount "93"]

1.e4 e6 2.d4 d5 3.Nd2 Nc6 4.Ngf3 Nf6 5.e5 Nd7 6.Bb5 a5 7.O-O Na7 8.Bd3 b6 
9.Re1 Be7 10.Nf1 Bb7 11.Ng3 c5 12.c3 h5 13.a3 Nc6 14.Bb5 Ncb8 15.Qd3 Bc6 
16.a4 c4 17.Qc2 Nf8 18.b3 Bxb5 19.axb5 cxb3 20.Qxb3 Ng6 21.Ba3 h4 22.Ne2 
h3 23.g3 O-O 24.Nf4 Nxf4 25.gxf4 Nd7 26.Kh1 Rc8 27.Rg1 f6 28.Qc2 Bxa3 29.
Rxa3 Qe7 30.Qg6 Rf7 31.Raa1 Nf8 32.Qh5 Rxc3 33.Rg3 g6 34.Rag1 Rg7 35.Qxh3 
Qf7 36.Qh4 f5 37.Ng5 Qc7 38.Nf3 a4 39.Qf6 a3 40.Ng5 Rxg3 41.hxg3 Qc8 42.
Kg2 Qe8 43.Ra1 Ra7 44.Rh1 Rg7 45.Ra1 Ra7 46.Rh1 Rg7 47.Ra1 1/2-1/2

[Event "9th Asia-ch"]
[Site "Mashhad IRI"]
[Date "2011.05.06"]
[Round "5.18"]
[White "Lu Shanglei"]
[Black "Sadeh, Shahin"]
[Result "1-0"]
[WhiteElo "2473"]
[BlackElo "2343"]
[EventDate "2011.05.02"]
[PlyCount "79"]

1.e4 g6 2.d4 Bg7 3.Nf3 c6 4.Nc3 d6 5.a4 Nf6 6.Be2 O-O 7.O-O Bg4 8.Be3 Bxf3
9.Bxf3 e5 10.dxe5 dxe5 11.Be2 Qe7 12.Qd3 Rd8 13.Qc4 Bf8 14.Qa2 Nbd7 15.Bc4
Qe8 16.Kh1 Kg7 17.Rae1 Ng4 18.Bc1 Bc5 19.h3 h5 20.f3 Ngf6 21.f4 Ng4 22.
hxg4 hxg4 23.Kh2 Nf6 24.f5 Qe7 25.Kg3 Rh8 26.Rh1 Rh5 27.Rxh5 Nxh5+ 28.Kxg4
Rh8 29.Rf1 Nf4 30.g3 Rh5 31.Kf3 Qg5 32.f6+ Qxf6 33.gxf4 Rh3+ 34.Ke2 Rh2+ 
35.Kd1 Qh4 36.fxe5 Bf2 37.Be2 Qd8+ 38.Bd2 Be3 39.Qxf7+ Kh6 40.Qf8+ 1-0

[Event "9th Asia-ch"]
[Site "Mashhad IRI"]
[Date "2011.05.06"]
[Round "5.19"]
[White "Darini, Pouria"]
[Black "Hussein, Hussein Ali"]
[Result "1-0"]
[WhiteElo "2471"]
[BlackElo "2394"]
[EventDate "2011.05.02"]
[PlyCount "43"]

1.e4 e6 2.d4 d5 3.Nc3 dxe4 4.Nxe4 Nd7 5.Nf3 Be7 6.Bd3 Ngf6 7.Nxf6+ Bxf6 8.
Qe2 O-O 9.h4 g6 10.h5 c5 11.hxg6 hxg6 12.Bh6 cxd4 13.O-O-O Re8 14.Kb1 e5 
15.Bxg6 Nf8 16.Be4 Be6 17.Rh3 Bxh3 18.gxh3 Ne6 19.Rg1+ Kh8 20.Nxe5 Ng5 21.
Bxg5 Rxe5 22.Qh5+ 1-0

[Event "9th Asia-ch"]
[Site "Mashhad IRI"]
[Date "2011.05.06"]
[Round "5.20"]
[White "Yu Ruiyuan"]
[Black "Shyam Sundar, M."]
[Result "0-1"]
[WhiteElo "2431"]
[BlackElo "2457"]
[EventDate "2011.05.02"]
[PlyCount "72"]

1.e4 e5 2.Nf3 Nc6 3.d4 exd4 4.Bc4 Nf6 5.e5 d5 6.Bb5 Nd7 7.O-O Be7 8.Bxc6 
bxc6 9.Nxd4 Nb8 10.Qf3 O-O 11.Nc3 Kh8 12.Bf4 Be6 13.Rad1 c5 14.Nxe6 fxe6 
15.Qg4 Qc8 16.Rd3 Nc6 17.Rh3 Qe8 18.Qxe6 Rxf4 19.Nxd5 Rh4 20.Nxe7 Rxh3 21.
Qxc6 Qxc6 22.Nxc6 Rh6 23.Na5 Ra6 24.Nc4 Ra4 25.b3 Rxa2 26.Rc1 a5 27.Ne3 a4
28.bxa4 R2xa4 29.c4 Ra1 30.Rf1 Kg8 31.g3 Kf7 32.Rxa1 Rxa1+ 33.Kg2 Ra2 34.
Kf3 Ke6 35.Ke4 Rxf2 36.h4 c6 0-1

[Event "9th Asia-ch"]
[Site "Mashhad IRI"]
[Date "2011.05.06"]
[Round "5.21"]
[White "Gao Rui"]
[Black "Lou Yiping"]
[Result "0-1"]
[WhiteElo "2419"]
[BlackElo "2435"]
[EventDate "2011.05.02"]
[PlyCount "116"]

1.e4 e6 2.d4 d5 3.Nc3 Nf6 4.e5 Nfd7 5.f4 c5 6.Nf3 Nc6 7.Be3 a6 8.Qd2 b5 9.
Bd3 Qb6 10.Qf2 cxd4 11.Nxd4 Bc5 12.Nce2 f6 13.exf6 Nxf6 14.Nf5 Bxe3 15.
Qxe3 Qxe3 16.Nxe3 d4 17.Nf1 O-O 18.Nd2 Bb7 19.Nb3 Rad8 20.a4 Nb4 21.O-O 
Nxc2 22.Bxc2 d3 23.Ned4 dxc2 24.axb5 Rd6 25.bxa6 Bxa6 26.Rfc1 Ne4 27.g3 g5
28.fxg5 Nxg5 29.Rxc2 e5 30.Nc6 Bb7 31.Nba5 Nf3+ 32.Kg2 Ba8 33.Ne7+ Kh8 34.
Rf2 Rdf6 35.Kh3 Ng5+ 36.Kg4 Rxf2 37.Kxg5 Rxb2 38.Nc4 Rxh2 39.Nxe5 Be4 40.
Re1 Bc2 41.Ng4 Rh3 42.Rc1 Bd3 43.Rc3 Rxg3 44.Kh4 Rgf3 45.Ne5 R3f4+ 46.Kg3 
Be4 47.Rc4 Kg7 48.Rd4 h5 49.N7g6 Rf3+ 50.Kh4 Bxg6 51.Nxf3 Rxf3 52.Rd7+ Kh6
53.Rd4 Re3 54.Rd5 Re4+ 55.Kg3 Rg4+ 56.Kh3 Rf4 57.Ra5 Bf5+ 58.Kg3 Kg5 0-1

[Event "9th Asia-ch"]
[Site "Mashhad IRI"]
[Date "2011.05.06"]
[Round "5.22"]
[White "Arabi, Saeid"]
[Black "Vaibhav, Suri"]
[Result "0-1"]
[WhiteElo "2159"]
[BlackElo "2430"]
[EventDate "2011.05.02"]
[PlyCount "110"]

1.d4 Nf6 2.Nf3 d5 3.Bg5 e6 4.e3 Be7 5.Nbd2 O-O 6.Bd3 Nbd7 7.O-O b6 8.Qe2 
Bb7 9.Ne5 Nxe5 10.dxe5 Ne4 11.Bxe7 Qxe7 12.c3 Nxd2 13.Qxd2 c5 14.Qe2 Rad8 
15.Qh5 g6 16.Qh6 f6 17.f4 f5 18.Rad1 Kh8 19.Be2 Rg8 20.h4 a6 21.Kf2 Bc6 
22.Qg5 Qf8 23.Rd2 h6 24.Qg3 a5 25.c4 dxc4 26.Rxd8 Qxd8 27.Rd1 Bd5 28.Bxc4 
Qd7 29.Qf3 Rd8 30.Bxd5 exd5 31.Qe2 h5 32.b3 Kg8 33.Qa6 Qc7 34.Qe2 Qe7 35.
Qb5 Qe6 36.Qa6 Qc6 37.Qe2 Kf7 38.Qa6 Ra8 39.Qd3 Ke6 40.e4 fxe4 41.Qg3 Kf7 
42.Qg5 Qe6 43.f5 Qxf5+ 44.Qxf5+ gxf5 45.Rxd5 Ke6 46.Rd6+ Kxe5 47.Rxb6 a4 
48.b4 Rd8 49.bxc5 Rd2+ 50.Kf1 Rxa2 51.g3 a3 52.c6 Kd6 53.Ra6 Ra1+ 54.Kg2 
a2 55.Kf2 Rh1 0-1

[Event "9th Asia-ch"]
[Site "Mashhad IRI"]
[Date "2011.05.06"]
[Round "5.23"]
[White "Ahmadinia, Ebrahim"]
[Black "Bakr, Jwan"]
[Result "1-0"]
[WhiteElo "2429"]
[BlackElo "2368"]
[EventDate "2011.05.02"]
[PlyCount "115"]

1.e4 c5 2.c3 Nf6 3.e5 Nd5 4.d4 cxd4 5.cxd4 Nc6 6.Nc3 Nxc3 7.bxc3 d5 8.Bd3 
g6 9.Bg5 f6 10.exf6 exf6 11.Qe2+ Kf7 12.Be3 Bg7 13.h4 Re8 14.h5 f5 15.Kf1 
g5 16.h6 Bf6 17.Qh5+ Kf8 18.Nf3 f4 19.Bd2 Re4 20.Rb1 Qe7 21.g3 Bf5 22.Nh4 
Bc8 23.Ng2 fxg3 24.Bxe4 Qxe4 25.Re1 Qd3+ 26.Qe2 Bf5 27.Ne3 Qe4 28.f3 Qe6 
29.Nxf5 Qxf5 30.Kg2 Kf7 31.Qb5 Rb8 32.Qb1 Kg6 33.Kxg3 b5 34.Re6 Na5 35.
Qxf5+ Kxf5 36.Ra6 Nc4 37.Bc1 Rb7 38.a3 Bd8 39.Rc6 Bc7+ 40.Kf2 Ba5 41.Rg1 
Bd8 42.Rc5 Be7 43.Rxd5+ Ke6 44.Rdxg5 Bxg5 45.Rxg5 Kf6 46.Rc5 Ke6 47.Kg3 
Nd6 48.Bf4 Nf5+ 49.Kg4 Ne7 50.Re5+ Kf7 51.Bg5 Nc6 52.Rf5+ Ke8 53.Rc5 Rb6 
54.f4 Kd7 55.Rf5 Ra6 56.Rf7+ Ke6 57.Rxh7 Rxa3 58.Rc7 1-0

[Event "9th Asia-ch"]
[Site "Mashhad IRI"]
[Date "2011.05.06"]
[Round "5.24"]
[White "Annageldiev, Orazly"]
[Black "Khademi, Mohammad Miran"]
[Result "1-0"]
[WhiteElo "2418"]
[BlackElo "2308"]
[EventDate "2011.05.02"]
[PlyCount "93"]

1.d4 f5 2.Nf3 Nf6 3.c4 b6 4.g3 Bb7 5.Bg2 g6 6.O-O Bg7 7.Nc3 O-O 8.d5 c6 9.
Bf4 cxd5 10.cxd5 Na6 11.Nd4 Nc5 12.Rc1 Nh5 13.Bg5 h6 14.Be3 f4 15.gxf4 
Nxf4 16.Bxf4 Rxf4 17.e3 Rh4 18.Nf3 Rb4 19.Qc2 Qf8 20.h3 Qf5 21.a3 Rc4 22.
Qxf5 gxf5 23.Nd2 Rh4 24.f4 Ba6 25.Rfd1 Nd3 26.Rc2 Rc8 27.Ndb1 Kf7 28.b4 
Bc4 29.Ne2 Nb2 30.Rdd2 Na4 31.Nd4 Bxd4 32.Rxd4 b5 33.Nd2 Nb6 34.Nf3 Rh5 
35.Ne5+ Kf6 36.d6 exd6 37.Rxd6+ Ke7 38.Rcd2 Be6 39.Kh2 Nc4 40.Nxc4 bxc4 
41.Bf3 c3 42.Rxe6+ dxe6 43.Rc2 Rg5 44.fxg5 hxg5 45.Kg3 e5 46.e4 f4+ 47.Kf2
1-0

[Event "9th Asia-ch"]
[Site "Mashhad IRI"]
[Date "2011.05.06"]
[Round "5.25"]
[White "Yang Ching Wei, Austin"]
[Black "Hou Yifan"]
[Result "0-1"]
[WhiteElo "1717"]
[BlackElo "2612"]
[EventDate "2011.05.02"]
[PlyCount "76"]

1.d4 Nf6 2.c4 c5 3.d5 e6 4.Nc3 exd5 5.cxd5 d6 6.e4 g6 7.Nf3 a6 8.a4 Bg4 9.
h3 Bxf3 10.Qxf3 Nbd7 11.Bf4 Qe7 12.Bd3 Bg7 13.O-O O-O 14.Qg3 Ne5 15.Bxe5 
dxe5 16.Be2 Ne8 17.Qd3 Nd6 18.a5 Rac8 19.Rfd1 Kh8 20.b3 f5 21.f3 Qh4 22.
Ra4 Qe7 23.Raa1 Bh6 24.Kh2 c4 25.bxc4 Rxc4 26.Qxc4 Nxc4 27.Bxc4 Qb4 28.Na4
Qxc4 29.Nb6 Qc3 30.d6 fxe4 31.d7 Rd8 32.fxe4 Bf4+ 33.Kg1 Qe3+ 34.Kh1 Qg3 
35.Kg1 Qh2+ 36.Kf1 Be3 37.Ke2 Qxg2+ 38.Kxe3 Qxh3+ 0-1

[Event "9th Asia-ch"]
[Site "Mashhad IRI"]
[Date "2011.05.07"]
[Round "6.1"]
[White "Yu Yangyi"]
[Black "Harikrishna, Pentala"]
[Result "1/2-1/2"]
[WhiteElo "2646"]
[BlackElo "2666"]
[EventDate "2011.05.02"]
[PlyCount "63"]

1.e4 e5 2.Nf3 Nc6 3.d4 exd4 4.Nxd4 Nf6 5.Nxc6 bxc6 6.e5 Qe7 7.Qe2 Nd5 8.c4
Nb6 9.Nd2 Bb7 10.b3 a5 11.a4 Qe6 12.Bb2 Bb4 13.O-O-O O-O 14.Ne4 d5 15.Ng5 
Qg6 16.Qe3 dxc4 17.Bxc4 Nxc4 18.bxc4 Ba6 19.h4 h6 20.Ne4 Rfd8 21.Rd4 Rxd4 
22.Qxd4 Qe6 23.c5 Bc4 24.Rh3 Bd5 25.Rg3 Kh8 26.Nc3 Bb3 27.Ne2 Bxa4 28.Nf4 
Qf5 29.Nd3 Qe6 30.Nf4 Qf5 31.Nd3 Qe6 32.Nf4 1/2-1/2

[Event "9th Asia-ch"]
[Site "Mashhad IRI"]
[Date "2011.05.07"]
[Round "6.2"]
[White "Sasikiran, Krishnan"]
[Black "Zhou Weiqi"]
[Result "1-0"]
[WhiteElo "2676"]
[BlackElo "2610"]
[EventDate "2011.05.02"]
[PlyCount "109"]

1.d4 Nf6 2.c4 c5 3.d5 b5 4.Nd2 Qa5 5.f3 bxc4 6.e4 e6 7.Kf2 exd5 8.exd5 d6 
9.Nxc4 Qd8 10.Ne2 Be7 11.Nc3 O-O 12.Bd3 Na6 13.Re1 Nb4 14.Bf1 Bb7 15.Ne3 
c4 16.Bxc4 Nd7 17.a3 Na6 18.Kg1 Nb6 19.Ba2 Bh4 20.g3 Bf6 21.Ne4 Nc5 22.
Nxf6+ Qxf6 23.Ng4 Qf5 24.Bf4 Rfe8 25.Ne3 Qf6 26.Qd2 h5 27.Nc4 Nxc4 28.Bxc4
Nd7 29.Bb5 Ne5 30.Kg2 Rec8 31.Rac1 h4 32.b4 h3+ 33.Kf2 Ng6 34.Bg5 Qf5 35.
g4 Qxd5 36.Qxd5 Bxd5 37.Rcd1 Bb7 38.Rxd6 Rc3 39.Rd3 Rc2+ 40.Rd2 Rac8 41.
Re8+ Kh7 42.Rxc8 Rxc8 43.Be2 f6 44.Be3 Rc3 45.a4 Ne5 46.Bd4 Rb3 47.Bxe5 
fxe5 48.b5 e4 49.Rd7 exf3 50.Bd3+ Kh6 51.Rd6+ g6 52.Rxg6+ Kh7 53.Rb6+ Rxd3
54.Rxb7+ Kg6 55.Rxa7 1-0

[Event "9th Asia-ch"]
[Site "Mashhad IRI"]
[Date "2011.05.07"]
[Round "6.3"]
[White "Nguyen Ngoc Truong Son"]
[Black "Bu Xiangzhi"]
[Result "1/2-1/2"]
[WhiteElo "2635"]
[BlackElo "2662"]
[EventDate "2011.05.02"]
[PlyCount "63"]

1.d4 d5 2.c4 c6 3.Nc3 Nf6 4.cxd5 cxd5 5.Bf4 Nc6 6.e3 Bf5 7.Nf3 e6 8.Qb3 
Bb4 9.Ne5 Qb6 10.Nxc6 bxc6 11.Be2 O-O 12.O-O Bxc3 13.Qxc3 g5 14.Bg3 Ne4 
15.Qa3 a5 16.Rfc1 Nxg3 17.hxg3 a4 18.Bd3 Bxd3 19.Qxd3 Rfb8 20.Rc2 Qb5 21.
Qd1 h6 22.Rac1 Rb6 23.f4 Kg7 24.Rf2 Qb4 25.Rc5 f5 26.g4 Rf8 27.gxf5 exf5 
28.fxg5 hxg5 29.g3 Rf6 30.Kg2 Rb5 31.Rxb5 Qxb5 32.Qc2 1/2-1/2

[Event "9th Asia-ch"]
[Site "Mashhad IRI"]
[Date "2011.05.07"]
[Round "6.4"]
[White "Zhao Jun"]
[Black "Ganguly, Surya Shekhar"]
[Result "1/2-1/2"]
[WhiteElo "2574"]
[BlackElo "2643"]
[EventDate "2011.05.02"]
[PlyCount "114"]

1.c4 Nf6 2.Nc3 g6 3.e4 d6 4.d4 Bg7 5.f3 O-O 6.Be3 Nc6 7.Nge2 a6 8.Qd2 Rb8 
9.Rc1 e6 10.b3 Nd7 11.h4 h5 12.g3 Ne7 13.Bh6 e5 14.Bh3 Nf6 15.Bxc8 Qxc8 
16.Bxg7 Kxg7 17.O-O Rd8 18.Nd5 Neg8 19.Qb2 Re8 20.Ne3 c6 21.c5 exd4 22.
Qxd4 dxc5 23.Rxc5 Qd8 24.Qc3 Kh7 25.Nf4 Nd7 26.Rg5 Qf6 27.Qxf6 Ngxf6 28.
Nc4 Nf8 29.Rd1 Rbd8 30.Rxd8 Rxd8 31.Re5 Kg8 32.Re7 Rd7 33.Rxd7 N8xd7 34.
Nd6 b6 35.Nd3 c5 36.Kf2 Kf8 37.Ke3 Ke7 38.Nc8+ Kd8 39.Nd6 Ke7 40.Nc4 Ne8 
41.g4 Nd6 42.gxh5 gxh5 43.Ncb2 f5 44.Kf4 fxe4 45.fxe4 Ke6 46.Na4 Nf7 47.
Nxb6 Nxb6 48.Nxc5+ Kf6 49.Nxa6 Ne5 50.a4 Ng6+ 51.Kg3 Ke5 52.Nc5 Kd4 53.b4 
Nxa4 54.Nxa4 Kxe4 55.Nc5+ Kd5 56.Nd3 Kc4 57.Nf4 Nxh4 1/2-1/2

[Event "9th Asia-ch"]
[Site "Mashhad IRI"]
[Date "2011.05.07"]
[Round "6.6"]
[White "Moradiabadi, Elshan"]
[Black "Gopal, Geetha Narayanan"]
[Result "1-0"]
[WhiteElo "2536"]
[BlackElo "2592"]
[EventDate "2011.05.02"]
[PlyCount "105"]

1.d4 f5 2.g3 Nf6 3.Bg2 e6 4.Nh3 d6 5.Nd2 e5 6.O-O e4 7.f3 d5 8.c4 c6 9.Qb3
Qb6 10.Qxb6 axb6 11.cxd5 cxd5 12.Nb3 Bd6 13.Bg5 Nbd7 14.Rac1 h6 15.Bf4 Ke7
16.a3 g5 17.Bxd6+ Kxd6 18.fxe4 fxe4 19.Nf2 Nf8 20.Nd1 N8h7 21.Nc3 Bd7 22.
Na1 Rhf8 23.Nc2 Ng8 24.Ne3 Rxf1+ 25.Rxf1 Nhf6 26.h4 Be6 27.Nf5+ Bxf5 28.
Rxf5 gxh4 29.gxh4 Rd8 30.Bh3 Kc6 31.Re5 h5 32.Kf2 Nh6 33.Re6+ Rd6 34.Rxd6+
Kxd6 35.Kg3 Nf7 36.Kf4 Ke7 37.b3 Nd8 38.e3 Nc6 39.b4 Nd8 40.Na4 b5 41.Nc3 
Ne6+ 42.Bxe6 Kxe6 43.Nxb5 Ng4 44.Nc7+ Kd6 45.Ne8+ Ke7 46.Ng7 b5 47.Nxh5 
Nf2 48.Ke5 Nd1 49.Kxd5 Nxe3+ 50.Kxe4 Nc2 51.Kd5 Nxa3 52.Kc5 Nc2 53.Nf4 1-0

[Event "9th Asia-ch"]
[Site "Mashhad IRI"]
[Date "2011.05.07"]
[Round "6.7"]
[White "Megaranto, Susanto"]
[Black "Zhumabaev, Rinat"]
[Result "0-1"]
[WhiteElo "2529"]
[BlackElo "2558"]
[EventDate "2011.05.02"]
[PlyCount "112"]

1.e4 e5 2.Nf3 Nc6 3.Bb5 Nf6 4.O-O Nxe4 5.Re1 Nd6 6.Nxe5 Be7 7.Bf1 O-O 8.d4
Nf5 9.Nf3 d5 10.Bf4 Bf6 11.c3 Nce7 12.h3 b6 13.Na3 a6 14.Nc2 c5 15.Be5 
Bxe5 16.dxe5 Ng6 17.Qd2 Re8 18.Rad1 Bb7 19.Bd3 Nfh4 20.Nxh4 Qxh4 21.Bxg6 
hxg6 22.f4 Rad8 23.Qf2 Qe7 24.Rd2 Qc7 25.h4 Bc8 26.Ne3 d4 27.Nc4 dxc3 28.
bxc3 Rxd2 29.Qxd2 Rd8 30.Nd6 Bg4 31.a3 b5 32.Qf2 Qe7 33.Kh2 Bh5 34.Rg1 f6 
35.Re1 fxe5 36.fxe5 g5 37.hxg5 Qxg5 38.Qg3 Qxg3+ 39.Kxg3 Bf7 40.Re3 Bd5 
41.Rd3 Be6 42.Re3 Bd5 43.Re2 Kf8 44.Kf4 Ke7 45.Nf5+ Kf7 46.Rd2 Rd7 47.Rd3 
g6 48.Nh4 a5 49.Nf3 b4 50.cxb4 axb4 51.axb4 cxb4 52.Rd4 b3 53.Rb4 Rb7 54.
e6+ Kf6 55.Rd4 Bxf3 56.gxf3 b2 0-1

[Event "9th Asia-ch"]
[Site "Mashhad IRI"]
[Date "2011.05.07"]
[Round "6.8"]
[White "Djao Thien Hai"]
[Black "Wen Yang"]
[Result "0-1"]
[WhiteElo "2512"]
[BlackElo "2545"]
[EventDate "2011.05.02"]
[PlyCount "60"]

1.d4 Nf6 2.c4 g6 3.Nc3 Bg7 4.e4 d6 5.Bg5 h6 6.Be3 Ng4 7.Bc1 c5 8.d5 Bd4 9.
Nh3 e5 10.dxe6 Bxe6 11.Be2 Qh4 12.O-O Nc6 13.Nd5 O-O-O 14.Ndf4 Qf6 15.g3 
Nge5 16.Nd5 Qg7 17.Nhf4 g5 18.Nd3 h5 19.Nxe5 Nxe5 20.Rb1 Bxd5 21.cxd5 f5 
22.exf5 Qf6 23.Qc2 Rdf8 24.b4 Qxf5 25.Qxf5+ Rxf5 26.Kg2 g4 27.bxc5 Rhf8 
28.Be3 dxc5 29.Bf4 Rxf4 30.gxf4 Ng6 0-1

[Event "9th Asia-ch"]
[Site "Mashhad IRI"]
[Date "2011.05.07"]
[Round "6.9"]
[White "Adhiban, Baskaran"]
[Black "Laylo, Darwin"]
[Result "1-0"]
[WhiteElo "2543"]
[BlackElo "2516"]
[EventDate "2011.05.02"]
[PlyCount "67"]

1.d4 Nf6 2.c4 g6 3.Nc3 d5 4.cxd5 Nxd5 5.e4 Nxc3 6.bxc3 c5 7.Bc4 Bg7 8.Ne2 
Nc6 9.O-O O-O 10.Be3 Bd7 11.h4 Rc8 12.Rc1 e5 13.Bg5 Bf6 14.dxe5 Nxe5 15.
Bd5 c4 16.Rb1 b5 17.Nd4 a6 18.Qd2 Bc6 19.Nxc6 Nxc6 20.Qf4 Bxg5 21.hxg5 Qc7
22.Qxc7 Rxc7 23.f4 Kg7 24.Rfd1 Ne7 25.e5 h6 26.gxh6+ Kxh6 27.Be4 Rb8 28.a4
Nc8 29.Rd8 Rb6 30.a5 Re6 31.Bd5 Ree7 32.Kf2 Kg7 33.Rh1 g5 34.Rhh8 1-0

[Event "9th Asia-ch"]
[Site "Mashhad IRI"]
[Date "2011.05.07"]
[Round "6.10"]
[White "Shyam Sundar, M."]
[Black "So, Wesley"]
[Result "0-1"]
[WhiteElo "2457"]
[BlackElo "2667"]
[EventDate "2011.05.02"]
[PlyCount "60"]

1.e4 e6 2.d4 d5 3.Nd2 Nf6 4.e5 Nfd7 5.Bd3 c5 6.c3 Nc6 7.Ngf3 g6 8.O-O h6 
9.h4 g5 10.dxc5 g4 11.Nd4 Qxh4 12.N2b3 Bg7 13.Bf4 Bxe5 14.Bxe5 Ndxe5 15.
Bb5 Bd7 16.Bxc6 bxc6 17.Re1 f6 18.Re3 Kf7 19.Qe1 Rhg8 20.Na5 Qh5 21.Qe2 
Rg5 22.Nb7 Rag8 23.Nd6+ Ke7 24.g3 Qh3 25.N4f5+ Kf8 26.Nh4 Rh5 27.Rxe5 Rxh4
28.gxh4 g3 29.f3 g2 30.Kf2 g1=Q+ 0-1

[Event "9th Asia-ch"]
[Site "Mashhad IRI"]
[Date "2011.05.07"]
[Round "6.11"]
[White "Ghaem Maghami, Ehsan"]
[Black "Lu Shanglei"]
[Result "0-1"]
[WhiteElo "2606"]
[BlackElo "2473"]
[EventDate "2011.05.02"]
[PlyCount "84"]

1.e4 c5 2.Nf3 d6 3.d4 cxd4 4.Nxd4 Nf6 5.Nc3 g6 6.Bc4 Bg7 7.h3 O-O 8.Bb3 a5
9.a4 Na6 10.O-O Nc5 11.Re1 Bd7 12.Bc4 Rc8 13.Bb5 Bc6 14.Bg5 Re8 15.Qe2 h6 
16.Bxf6 exf6 17.Qd2 Qb6 18.Rad1 Rcd8 19.Qf4 Ne6 20.Nxe6 Rxe6 21.Qe3 Qc7 
22.Qg3 Re5 23.f4 Rc5 24.f5 gxf5 25.Nd5 Bxd5 26.exd5 Rxc2 27.Kh1 Rxb2 28.
Rc1 Rc2 29.Qf4 Qc3 30.Rcd1 Qb2 31.Rb1 Qa2 32.Rbc1 Rxg2 33.Rg1 Rxg1+ 34.
Kxg1 Qxd5 35.Re1 Kh8 36.Kh2 Rc8 37.Re2 Rc3 38.Bd7 Rf3 39.Qc1 Rxh3+ 40.Kxh3
Qf3+ 41.Kh2 Qxe2+ 42.Kh1 Qh5+ 0-1